[Event "White Nights"]
[Site "St Petersburg"]
[Date "1999.06.28"]
[Round "3"]
[White "Lugovoi, Aleksei"]
[Black "Loginov, Valery A"]
[Result "1/2-1/2"]
[WhiteElo "2510"]
[BlackElo "2532"]
[PlyCount "21"]
[EventDate "1999.06.26"]
[Source "ChessBase"]
[SourceDate "1999.10.01"]

1. d4 d5 2. c4 e5 3. Nc3 Nf6 4. Nf3 Be7 5. Bg5 O-O 6. e3 Nbd7 7. Rc1 c6 8. Bd3
dxc4 9. Bxc4 Nd5 10. Bxe7 Qxe7 11. Ne4 1/2-1/2

[Event "Nova Gorica op"]
[Site "Nova Gorica"]
[Date "1999.01.29"]
[Round "2"]
[White "Atalik, Suat"]
[Black "Nikolov, Sasho"]
[Result "1-0"]
[WhiteElo "2593"]
[BlackElo "2395"]
[PlyCount "69"]
[EventDate "1999.01.28"]
[Source "www.chesslib.no"]
[SourceDate "2004.05.04"]

1. d4 d5 2. c4 e5 3. Nf3 Nf6 4. Nc3 c6 5. Bg5 h6 6. Bh4 Be7 7. e3 O-O 8. Bd3
Nbd7 9. O-O dxc4 10. Bxc4 b5 11. Bd3 Bb7 12. Qe2 Rc8 13. Rfd1 a6 14. a4 b4 15.
Bxf6 Nxf6 16. Ne4 Nxe4 17. Bxe4 a5 18. Nxe5 Rc7 19. Rac1 Qa8 20. Qf3 c5 21.
Bxb7 Qxb7 22. Qxb7 Rxb7 23. dxc5 Rc7 24. c6 Rfc8 25. Rd7 Rxd7 26. Nxd7 Bd6 27.
b3 f6 28. f4 Rc7 29. Kf2 Kf7 30. Kf3 g5 31. g3 f5 32. Ke2 Ke7 33. Kd3 Ra7 34.
Kc4 Bc7 35. Rd1 1-0

[Event "PUR-ch"]
[Site "San Juan"]
[Date "1999.??.??"]
[Round "?"]
[White "Santa, Juan"]
[Black "Sosa, Luis"]
[Result "1/2-1/2"]
[WhiteElo "2335"]
[BlackElo "2300"]
[PlyCount "33"]
[EventDate "1999.??.??"]
[Source "www.chesslib.no"]
[SourceDate "2004.05.04"]

1. d4 d5 2. c4 e5 3. dxe5 d4 4. Nf3 Nc6 5. a3 f6 6. exf6 Qxf6 7. Bg5 Qg6 8. h4
h6 9. Bf4 Qf7 10. g3 Bf5 11. Qa4 O-O-O 12. Nbd2 Nf6 13. Bg2 d3 14. Qb5 Qe6 15.
e3 Ng4 16. Kf1 Be7 17. h5 1/2-1/2

[Event "Sparkasse op"]
[Site "Dortmund"]
[Date "1998.??.??"]
[Round "?"]
[White "Pinter, Jozsef"]
[Black "Souleidis, Georgios"]
[Result "1-0"]
[WhiteElo "2590"]
[BlackElo "2290"]
[PlyCount "71"]
[EventDate "1998.06.??"]
[Source "www.chesslib.no"]
[SourceDate "2004.05.04"]

1. d4 d5 2. c4 e5 3. dxe5 d4 4. Nf3 Nc6 5. a3 Nge7 6. g3 Ng6 7. Bg2 Ngxe5 8.
Nbd2 Be7 9. O-O O-O 10. b4 d3 11. b5 Nd4 12. exd3 Nxd3 13. Ne4 Nxc1 14. Rxc1
Nxf3+ 15. Qxf3 Be6 16. Rfd1 Qc8 17. Qe3 b6 18. c5 Rb8 19. a4 Rd8 20. Nd6 cxd6
21. cxb6 Qxc1 22. Rxc1 axb6 23. Rd1 Bf6 24. Bd5 Bh3 25. Qf3 Bd7 26. h4 Rbc8 27.
Re1 Rc3 28. Qf4 Rc5 29. Rd1 Be8 30. Qe4 Bd7 31. Re1 h6 32. Qf3 Rc3 33. Qh5 Rf8
34. Qd1 Rc5 35. Bg2 Be6 36. Qxd6 1-0

[Event "Karvina op"]
[Site "Karvina"]
[Date "1998.??.??"]
[Round "?"]
[White "Shtyrenkov, Veniamen"]
[Black "Chetverik, Maxim"]
[Result "1-0"]
[WhiteElo "2460"]
[BlackElo "2300"]
[PlyCount "51"]
[EventDate "1998.??.??"]
[Source "www.chesslib.no"]
[SourceDate "2004.05.04"]

1. d4 d5 2. c4 e5 3. dxe5 d4 4. Nf3 Nc6 5. a3 Bg4 6. Nbd2 Qe7 7. h3 Bh5 8. Qa4
O-O-O 9. b4 Kb8 10. Bb2 f6 11. O-O-O Bg6 12. e6 a6 13. b5 axb5 14. cxb5 Qc5+
15. Nc4 Ne5 16. e3 Nxf3 17. gxf3 d3 18. Qb3 Ne7 19. Bd4 Rxd4 20. exd4 Qxd4 21.
Bxd3 Qf4+ 22. Kb2 Qd4+ 23. Kb1 Qxf2 24. Bxg6 hxg6 25. Rd8+ Nc8 26. Qa4 1-0

[Event "Sao Paulo State-ch4"]
[Site "Santos"]
[Date "1998.??.??"]
[Round "6"]
[White "Fernandez, Rodrigo Amaral"]
[Black "Limp, Eduardo"]
[Result "1-0"]
[WhiteElo "2275"]
[BlackElo "2415"]
[PlyCount "73"]
[EventDate "1998.??.??"]
[Source "www.chesslib.no"]
[SourceDate "2004.05.04"]

1. d4 d5 2. c4 e5 3. dxe5 d4 4. Nf3 Nc6 5. a3 Be6 6. Nbd2 Qd7 7. b4 Nge7 8. b5
Na5 9. Qa4 b6 10. Bb2 c5 11. e3 dxe3 12. fxe3 Ng6 13. Rd1 a6 14. Qc2 axb5 15.
cxb5 Qb7 16. Nc4 Be7 17. Nxa5 Rxa5 18. Bc4 O-O 19. O-O Qc8 20. Nd2 Ra8 21. Bxe6
Qxe6 22. Nc4 Rfd8 23. Rxd8+ Rxd8 24. a4 Rd7 25. a5 bxa5 26. Nxa5 Bd8 27. Nc4
Bb6 28. Qf5 Qxf5 29. Rxf5 Rb7 30. Nxb6 Rxb6 31. e6 Rxb5 32. exf7+ Kf8 33. Ba3
Ke7 34. Bxc5+ Ke6 35. g4 Rxc5 36. Rxc5 Kxf7 37. Kf2 1-0

[Event "Zalakaros op 17th"]
[Site "?"]
[Date "1998.??.??"]
[Round "?"]
[White "Babula Vlastimil"]
[Black "Biro Sandor"]
[Result "1-0"]
[WhiteElo "2555"]
[BlackElo "2345"]
[PlyCount "51"]
[EventDate "1998.??.??"]
[Source "www.chesslib.no"]
[SourceDate "2004.05.04"]

1. d4 d5 2. c4 e5 3. dxe5 d4 4. Nf3 Nc6 5. a3 Bg4 6. Nbd2 Qe7 7. h3 Bh5 8. Qa4
O-O-O 9. g4 Bg6 10. Bg2 f6 11. b4 Kb8 12. Bb2 d3 13. e3 Nxe5 14. Nxe5 fxe5 15.
c5 e4 16. c6 Qe6 17. Rc1 Ne7 18. cxb7 Nd5 19. Bd4 Nb6 20. Qc6 Bd6 21. Bxe4 Rhe8
22. Bg2 h5 23. a4 Re7 24. a5 Be8 25. axb6 Bxc6 26. bxa7+ 1-0

[Event "Aarhus"]
[Site "?"]
[Date "1997.??.??"]
[Round "?"]
[White "Volzhin, A."]
[Black "Rewitz, P."]
[Result "1-0"]
[WhiteElo "2505"]
[BlackElo "2310"]
[PlyCount "65"]
[EventDate "1997.??.??"]
[Source "ChessBase"]
[SourceDate "1997.06.01"]

1. d4 d5 2. c4 e5 3. dxe5 d4 4. Nf3 Nc6 5. a3 Be6 6. Nbd2 Qd7 7. b4 Nge7 8. Nb3
Ng6 9. Nbxd4 Bxc4 10. Nxc6 Qxc6 11. Bb2 a5 12. Nd4 Qa6 13. b5 Bxb5 14. Rc1 Bc4
15. Qc2 b5 16. Qe4 Be7 17. h4 O-O-O 18. h5 Nf8 19. Nc6 Rd7 20. Rxc4 bxc4 21. e3
Bc5 22. Bxc4 Qb7 23. O-O Ne6 24. a4 Nd8 25. Bb5 Rd2 26. Bc3 Rd7 27. Rb1 Bb6 28.
Qc4 Nxc6 29. Bxc6 Qa7 30. Bxd7+ Kxd7 31. Qxf7+ Kc8 32. e6 Qb7 33. Bxg7 1-0

[Event "Karpov GM"]
[Site "Singapore"]
[Date "1997.12.22"]
[Round "11"]
[White "Hsu Li Yang"]
[Black "Handoko, Edhi"]
[Result "1/2-1/2"]
[WhiteElo "2390"]
[BlackElo "2470"]
[PlyCount "59"]
[EventDate "1997.??.??"]
[Source "www.chesslib.no"]
[SourceDate "2004.05.04"]

1. d4 d5 2. c4 e5 3. dxe5 d4 4. a3 Nc6 5. e3 dxe3 6. Qxd8+ Kxd8 7. Bxe3 Nxe5 8.
Nf3 Bd6 9. Nc3 Bg4 10. O-O-O Nxf3 11. h3 Bd7 12. gxf3 Nf6 13. Rg1 Rg8 14. Bg5
Be7 15. Bd3 Ke8 16. Ne4 Nxe4 17. Bxe4 Bxg5+ 18. Rxg5 h6 19. Rg3 c6 20. Bh7 Rf8
21. Rxg7 Bxh3 22. Rh1 Be6 23. Bd3 Kd7 24. Rxh6 Ke7 25. Kc2 Rad8 26. Kc3 Rh8 27.
Rxh8 Rxh8 28. Kd2 Rh4 29. c5 b6 30. Rg8 1/2-1/2

[Event "Corsico Open"]
[Site "Corsico"]
[Date "1996.??.??"]
[Round "4"]
[White "Sbarra, Marco"]
[Black "Marchio, Enrico"]
[Result "1/2-1/2"]
[WhiteElo "2280"]
[BlackElo "2270"]
[PlyCount "102"]
[EventDate "1996.??.??"]
[Source "www.chesslib.no"]
[SourceDate "2004.05.04"]

1. d4 d5 2. c4 e5 3. dxe5 d4 4. Nf3 Nc6 5. a3 Be6 6. e3 dxe3 7. Qxd8+ Rxd8 8.
Bxe3 Nge7 9. Ng5 Nf5 10. Nxe6 fxe6 11. Bg5 Be7 12. Bxe7 Kxe7 13. Nd2 Nxe5 14.
Nb3 Nd4 15. Nxd4 Rxd4 16. Be2 Rhd8 17. b3 Nd3+ 18. Bxd3 Rxd3 19. Rb1 Rc3 20.
Ke2 Rc2+ 21. Ke3 Rdd2 22. Rhf1 e5 23. g4 Re2+ 24. Kf3 Kf6 25. h4 g5 26. hxg5+
Kxg5 27. Rbc1 Rxf2+ 28. Rxf2 Rxc1 29. Rb2 Rf1+ 30. Ke4 Re1+ 31. Kd3 Rd1+ 32.
Ke4 Rd7 33. Rg2 Rd4+ 34. Kxe5 Rxg4 35. Rd2 Rg3 36. Rd7 h5 37. Rxc7 Re3+ 38. Kd6
Rxb3 39. c5 h4 40. a4 a6 41. Rh7 h3 42. Kc7 Kg4 43. Rg7+ Kf3 44. Rh7 Kg2 45.
Rg7+ Rg3 46. Rh7 Rg4 47. Kxb7 Rxa4 48. Rg7+ Kf2 49. Rh7 Kg3 50. c6 h2 51. c7
Rc4 1/2-1/2

[Event "Moravia-ch op"]
[Site "?"]
[Date "1996.??.??"]
[Round "?"]
[White "Nedela Vlastimil"]
[Black "Chetverik Maxim"]
[Result "1/2-1/2"]
[WhiteElo "2445"]
[BlackElo "2290"]
[PlyCount "63"]
[EventDate "1996.??.??"]
[Source "www.chesslib.no"]
[SourceDate "2004.05.04"]

1. d4 d5 2. c4 e5 3. dxe5 d4 4. Nf3 Nc6 5. a3 Bg4 6. Nbd2 Qe7 7. h3 Bh5 8. Qb3
O-O-O 9. g4 Bg6 10. Bg2 h5 11. g5 h4 12. Nf1 f6 13. Bf4 Rh5 14. Rg1 Qc5 15.
N1d2 Be7 16. Bh1 Bf5 17. Rc1 a6 18. exf6 gxf6 19. Qc2 Bxh3 20. g6 Be6 21. b4
Qf5 22. Bh2 Nh6 23. Qb2 Ng4 24. b5 axb5 25. Rxg4 Qxg4 26. cxb5 Ne5 27. Nxe5
Rxe5 28. Bxe5 fxe5 29. Qc2 Rd7 30. Bxb7+ Kb8 31. b6 c5 32. Qe4 1/2-1/2

[Event "NRW-Liga II 9697"]
[Site "Germany"]
[Date "1997.??.??"]
[Round "7.2"]
[White "Schischke, Reinhard"]
[Black "Kalka, Arkadius Georg"]
[Result "1/2-1/2"]
[WhiteElo "2290"]
[BlackElo "2305"]
[PlyCount "89"]
[EventDate "1996.??.??"]
[Source "www.chesslib.no"]
[SourceDate "2004.05.04"]

1. d4 d5 2. c4 e5 3. dxe5 d4 4. Nf3 Nc6 5. e3 Bb4+ 6. Bd2 dxe3 7. fxe3 Bg4 8.
Nc3 Nge7 9. a3 Bxc3 10. Bxc3 O-O 11. Qxd8 Raxd8 12. Be2 Ng6 13. Kf2 Rfe8 14.
Rad1 Rxd1 15. Rxd1 Kf8 16. h3 Bc8 17. Nd4 Ncxe5 18. Bb4+ Kg8 19. Nb5 Bd7 20.
Nxc7 Rc8 21. Nd5 Ba4 22. Rd2 h6 23. c5 Bb3 24. Nf4 Nf8 25. Bf3 Nxf3 26. gxf3
Ne6 27. Nd5 Kh7 28. Ne7 Rc7 29. c6 bxc6 30. Bd6 Rd7 31. Nxc6 f6 32. Na5 Ba2 33.
b3 Bb1 34. e4 Ng5 35. h4 Nf7 36. Bf4 Rxd2+ 37. Bxd2 f5 38. Nc6 fxe4 39. Nxa7
exf3 40. Kxf3 Bc2 41. b4 Ne5+ 42. Kf4 Nc4 43. Bc1 Kg6 44. b5 Kf6 45. b6 1/2-1/2

[Event "Pecs op"]
[Site "?"]
[Date "1996.??.??"]
[Round "4"]
[White "Szabo Zsolt"]
[Black "Chetverik Maxim"]
[Result "1/2-1/2"]
[WhiteElo "2370"]
[BlackElo "2290"]
[PlyCount "24"]
[EventDate "1996.??.??"]
[Source "www.chesslib.no"]
[SourceDate "2004.05.04"]

1. d4 d5 2. c4 e5 3. dxe5 d4 4. Nf3 Nc6 5. a3 Bg4 6. Nbd2 Qe7 7. h3 Bh5 8. Qa4
O-O-O 9. b4 Kb8 10. g4 Bg6 11. Bb2 f6 12. exf6 Nxf6 1/2-1/2

[Event "BL2-S 9596"]
[Site "GER"]
[Date "1996.??.??"]
[Round "?"]
[White "Mandel, Andreas"]
[Black "Pfleger, Michael"]
[Result "1/2-1/2"]
[WhiteElo "2365"]
[BlackElo "2270"]
[PlyCount "85"]
[EventDate "1995.10.??"]
[Source "www.chesslib.no"]
[SourceDate "2004.05.04"]

1. d4 d5 2. c4 e5 3. dxe5 dxc4 4. Qxd8+ Kxd8 5. Nc3 c6 6. Bg5+ Kc7 7. Nf3 h6 8.
Bf4 g5 9. Bg3 Be6 10. e3 Bb4 11. Nd4 b5 12. a4 Kb6 13. axb5 cxb5 14. Ndxb5 Nc6
15. Be2 Nge7 16. O-O Nf5 17. Bf3 a6 18. Nd4 Ncxd4 19. exd4 Rad8 20. d5 Bxc3 21.
dxe6 Nxg3 22. hxg3 Bxe5 23. Rfc1 Rc8 24. Ra4 fxe6 25. Rb4+ Kc7 26. Rcxc4+ Kd7
27. Re4 Rc5 28. Rb7+ Bc7 29. Rd4+ Ke7 30. Be2 Rc1+ 31. Kh2 a5 32. Bc4 Rc8 33.
Re4 Kf8 34. Bxe6 Re8 35. Rb5 Re7 36. f4 Rc6 37. Bd5 Rf6 38. Rb7 Rxe4 39. Bxe4
Rf7 40. Bg6 Re7 41. Kh3 gxf4 42. gxf4 Bxf4 43. Rxe7 1/2-1/2

[Event "Cappelle Open"]
[Site "Cappelle la Grande FRA"]
[Date "1995.??.??"]
[Round "9"]
[White "Shumiakina, Tatiana"]
[Black "Raetsky, Alexander"]
[Result "0-1"]
[WhiteElo "2350"]
[BlackElo "2510"]
[PlyCount "88"]
[EventDate "1995.03.??"]
[Source "www.chesslib.no"]
[SourceDate "2004.05.04"]

1. d4 d5 2. c4 e5 3. dxe5 d4 4. e3 Bb4+ 5. Bd2 dxe3 6. fxe3 Qh4+ 7. g3 Qe4 8.
Qf3 Bxd2+ 9. Nxd2 Qxe5 10. O-O-O Nf6 11. Qf4 Qe7 12. Ngf3 O-O 13. Bd3 Ng4 14.
Ng5 h6 15. Nge4 Nc6 16. Rde1 Be6 17. Bb1 Rad8 18. h3 Nge5 19. g4 f5 20. Ng3 g5
21. Qf1 fxg4 22. Qg2 Nb4 23. Ref1 Ned3+ 24. Bxd3 Nxd3+ 25. Kb1 Qg7 26. Nde4
gxh3 27. Qc2 Nb4 28. Qb3 Nc6 29. Qc2 Bg4 30. a3 Kh8 31. Nf2 Bf3 32. Nxh3 Ne5
33. Rh2 Kg8 34. Nf2 Ng4 35. Nf5 Rxf5 36. Nxg4 Bxg4 37. Rxf5 Bxf5 38. Qxf5 Qh7
39. e4 Qxf5 40. exf5 Kg7 41. Re2 Rf8 42. Re5 h5 43. Kc2 Kf6 44. Ra5 h4 0-1

[Event "AUT-ch"]
[Site "Voitsberg"]
[Date "1995.??.??"]
[Round "7"]
[White "Hoelzl, Franz"]
[Black "Baumgartner, Heinz"]
[Result "1-0"]
[WhiteElo "2390"]
[BlackElo "2390"]
[PlyCount "101"]
[EventDate "1995.??.??"]
[Source "ChessBase"]

1. d4 d5 2. c4 e5 3. dxe5 d4 4. Nf3 Nc6 5. Nbd2 Bg4 6. a3 Qe7 7. g3 Nxe5 8.
Nxe5 Qxe5 9. h3 Be6 10. Bg2 O-O-O 11. Qb3 c6 12. Qa4 d3 13. e3 Kb8 14. O-O h5
15. Nf3 Qc5 16. b3 Be7 17. Bb2 Bf6 18. Bd4 Bxd4 19. Nxd4 Ne7 20. Rfd1 Nf5 21.
Nxe6 fxe6 22. Qb4 Qxb4 23. axb4 d2 24. Be4 Rd7 25. Ra2 Rhd8 26. Kf1 h4 27. g4
Nd6 28. Raxd2 Kc7 29. Bg6 b5 30. Ra1 bxc4 31. bxc4 Nxc4 32. Rxa7+ Kc8 33. Ra8+
Kc7 34. Rxd7+ Rxd7 35. Ra7+ Kd6 36. Rxd7+ Kxd7 37. Ke2 Kd6 38. f4 Kd5 39. g5
Nd6 40. Kf3 Kc4 41. Bb1 Kxb4 42. Ba2 Nc4 43. e4 c5 44. e5 Nd2+ 45. Ke3 Nf1+ 46.
Kd3 Ng3 47. Bxe6 Nh5 48. Ke3 c4 49. Bg4 Ng3 50. e6 c3 51. e7 1-0

[Event "Copa de IV"]
[Site "Mestres Copa de IV"]
[Date "1995.??.??"]
[Round "?"]
[White "Frank, Mario Alberto"]
[Black "Colombo Berra, Fernando"]
[Result "1-0"]
[WhiteElo "2350"]
[BlackElo "2315"]
[PlyCount "51"]
[EventDate "1995.??.??"]
[Source "www.chesslib.no"]
[SourceDate "2004.05.04"]

1. d4 d5 2. c4 e5 3. dxe5 d4 4. Nf3 Nc6 5. a3 Bg4 6. Nbd2 Qe7 7. h3 Bh5 8. Qa4
O-O-O 9. b4 Kb8 10. g4 Bg6 11. Bg2 h5 12. Bb2 hxg4 13. hxg4 Rxh1+ 14. Bxh1 Nh6
15. Nb3 Nxg4 16. Nc5 Ngxe5 17. Nxb7 Nd3+ 18. Kf1 Nf4 19. Re1 Qd7 20. Ng5 Ne5
21. Qa6 d3 22. Nc5 dxe2+ 23. Rxe2 Qd1+ 24. Re1 Bd3+ 25. Nxd3 Qxd3+ 26. Kg1 1-0

[Event "Copa de IV"]
[Site "Mestres Copa de IV"]
[Date "1995.??.??"]
[Round "?"]
[White "Gaal, Alfredo"]
[Black "Hedrera, Marcelo E"]
[Result "1-0"]
[WhiteElo "2370"]
[BlackElo "2305"]
[PlyCount "93"]
[EventDate "1995.??.??"]
[Source "www.chesslib.no"]
[SourceDate "2004.05.04"]

1. d4 d5 2. c4 e5 3. dxe5 d4 4. Nf3 Nc6 5. Nbd2 Bg4 6. a3 Qe7 7. h3 Bh5 8. Qa4
O-O-O 9. b4 Kb8 10. g4 Bg6 11. Bg2 h5 12. Bb2 hxg4 13. hxg4 Rxh1+ 14. Bxh1 Nh6
15. Nb3 Nxg4 16. Nbxd4 Be4 17. Rd1 Nxd4 18. Rxd4 Rxd4 19. Bxd4 b6 20. c5 Qd8
21. Bg2 Be7 22. Qb3 Bd5 23. Qd3 g6 24. Bc3 Bb7 25. Qc4 Nh6 26. e6 Bd5 27. Qd3
Bxe6 28. Ne5 Qxd3 29. Nc6+ Kc8 30. Nxa7+ Kd7 31. c6+ Kd8 32. exd3 Ng4 33. Nb5
Bh4 34. Bd4 f5 35. Bf3 Bb3 36. Nc3 Bg5 37. Bd5 Bc2 38. Ke2 Bf4 39. Be3 Be5 40.
d4 Nxe3 41. fxe3 Bd6 42. Kd2 Be4 43. Bxe4 fxe4 44. Nxe4 Be7 45. Nc3 g5 46. Nd5
Bd6 47. Ke2 1-0

[Event "Vienna Open"]
[Site "Vienna AUT"]
[Date "1995.??.??"]
[Round "3"]
[White "Polak, Tomas"]
[Black "Galeev, Shamil"]
[Result "1-0"]
[WhiteElo "2420"]
[BlackElo "2275"]
[PlyCount "47"]
[EventDate "1995.??.??"]
[Source "www.chesslib.no"]
[SourceDate "2004.05.04"]

1. d4 d5 2. c4 e5 3. dxe5 d4 4. Nf3 Nc6 5. a3 a5 6. e3 Bg4 7. Be2 d3 8. Qxd3
Qxd3 9. Bxd3 O-O-O 10. Be2 Bxf3 11. gxf3 Nxe5 12. Bd2 Nc6 13. Bc3 Nge7 14. Nd2
Nf5 15. O-O-O Be7 16. Ne4 Rxd1+ 17. Rxd1 Rd8 18. f4 Rxd1+ 19. Kxd1 Kd8 20. Bg4
Nh4 21. Ng5 f5 22. Be2 Bxg5 23. fxg5 g6 24. f4 1-0

[Event "Budapest FS03 GM"]
[Site "Budapest"]
[Date "1994.??.??"]
[Round "9"]
[White "Gyimesi, Zoltan"]
[Black "Lengyel, Bela"]
[Result "1/2-1/2"]
[WhiteElo "2360"]
[BlackElo "2345"]
[PlyCount "147"]
[EventDate "1994.03.??"]
[Source "ChessBase"]

1. d4 d5 2. c4 e5 3. dxe5 d4 4. a3 a5 5. Nf3 Nc6 6. e3 Bg4 7. Be2 Bc5 8. exd4
Bxf3 9. Bxf3 Qxd4 10. Bxc6+ bxc6 11. O-O Ne7 12. Qe2 Ng6 13. e6 O-O 14. Nc3 Qe5
15. Qxe5 Nxe5 16. Ne4 Bd4 17. Bf4 fxe6 18. Bxe5 Bxe5 19. Rab1 Rfd8 20. b3 Bd4
21. Rfd1 c5 22. Kf1 Rab8 23. Ke2 e5 24. Rd3 Rf8 25. f3 Rb6 26. Kd2 Rg6 27. g3
h5 28. h3 Kf7 29. Rf1 Ke7 30. Re1 Kf7 31. Kc2 Kg8 32. Rb1 h4 33. g4 Rb6 34. Nd2
Kh7 35. Ne4 Kg6 36. a4 Rf4 37. Re1 Rb8 38. Nd2 Rbf8 39. Re2 R4f7 40. Re4 Rf6
41. Kd1 Rb6 42. Kc2 Rf7 43. Kd1 Rbf6 44. Ke2 Rb6 45. Nb1 Rf8 46. Na3 c6 47. Nc2
Bb2 48. Ne3 Kg5 49. Nf1 Bd4 50. Nd2 Rb7 51. Kd1 Rbf7 52. Re2 Kh6 53. Rg2 g5 54.
Re2 Kg6 55. Re4 Kf6 56. Ke2 Rb7 57. Kd1 Rfb8 58. Kc2 Rf7 59. Re2 Kg6 60. Kd1
Rbf8 61. Re1 Re7 62. Re4 Rff7 63. Ke2 Kf6 64. Nf1 Rd7 65. Kd2 Rf8 66. Kc2 Rfd8
67. Re1 Rf8 68. Ne3 Re7 69. Nf5 Re6 70. Re4 Rd8 71. Kd2 Rd7 72. Kd1 Rb7 73. Kc2
Rd7 74. Kd1 1/2-1/2

[Event "CRO Ch"]
[Site "Zagreb CRO"]
[Date "1993.??.??"]
[Round "9"]
[White "Sale, Srdjan"]
[Black "Kristovic, Marijan"]
[Result "0-1"]
[WhiteElo "2350"]
[BlackElo "2280"]
[PlyCount "52"]
[EventDate "1993.??.??"]
[Source "www.chesslib.no"]
[SourceDate "2004.05.04"]

1. d4 d5 2. c4 e5 3. dxe5 d4 4. Nf3 Nc6 5. a3 a5 6. g3 Bc5 7. Bg2 Nge7 8. O-O
Be6 9. Nbd2 a4 10. b4 axb3 11. Nxb3 b6 12. Bb2 O-O 13. Nfxd4 Nxd4 14. Bxd4 Rxa3
15. Nxc5 Rxa1 16. Qxa1 bxc5 17. Bxc5 Bxc4 18. Rd1 Qe8 19. Qa3 Ng6 20. Rd4 Bxe2
21. Ra4 Qb5 22. f4 Qb1+ 23. Kf2 Qc2 24. Ke3 Bb5 25. Ra8 Qe2+ 26. Kd4 Qd2+ 0-1

[Event "Stockerau"]
[Site "Stockerau"]
[Date "1993.??.??"]
[Round "6"]
[White "Polak, Tomas"]
[Black "Neubauer, Martin"]
[Result "1-0"]
[WhiteElo "2410"]
[BlackElo "2295"]
[PlyCount "97"]
[EventDate "1993.??.??"]
[Source "www.chesslib.no"]
[SourceDate "2004.05.04"]

1. d4 d5 2. c4 e5 3. dxe5 d4 4. Nf3 Nc6 5. Bf4 Nge7 6. Nbd2 Ng6 7. Bg5 f6 8.
exf6 gxf6 9. Bh4 Bg4 10. Bg3 Qe7 11. Qb3 O-O-O 12. O-O-O Bh6 13. Kb1 Nge5 14.
Ka1 Bf5 15. h3 Nb4 16. Ne1 Rhe8 17. Bh2 Qc5 18. f4 Nec6 19. a3 Qa5 20. Nd3 Nxd3
21. exd3 Re3 22. Kb1 Rde8 23. Qc2 Bf8 24. g4 Bg6 25. f5 Bf7 26. Bf4 Re1 27. Bg2
Rxh1 28. Bxh1 Ne5 29. Nf3 h5 30. Nxe5 fxe5 31. Bd2 Qb6 32. Kc1 Qf6 33. Be4 Bh6
34. Rg1 hxg4 35. hxg4 Bg5 36. Bxg5 Qxg5+ 37. Qd2 Rg8 38. Qxg5 Rxg5 39. Rg2 b6
40. Kd2 Kd8 41. Ke2 Ke7 42. Kf3 Kf6 43. Rh2 Rg7 44. Rh6+ Kg5 45. Rc6 Bg8 46.
Kg3 a5 47. b3 Bh7 48. Re6 Bg8 49. Rxe5 1-0

[Event "CSR Team Ch"]
[Site "Czekhoslovakia"]
[Date "1992.??.??"]
[Round "?"]
[White "Chmiel, Pavel"]
[Black "Blumel, Otto"]
[Result "1-0"]
[WhiteElo "2295"]
[BlackElo "2270"]
[PlyCount "103"]
[EventDate "1992.??.??"]
[Source "www.chesslib.no"]
[SourceDate "2004.05.04"]

1. d4 d5 2. c4 e5 3. dxe5 d4 4. Nf3 Nc6 5. a3 Nge7 6. Bg5 h6 7. Bxe7 Bxe7 8. g3
Bg4 9. Nbd2 Qd7 10. Bg2 a5 11. O-O O-O 12. Re1 Rfd8 13. Rc1 a4 14. c5 Qe6 15.
Rc4 Ra5 16. Rxa4 Rxc5 17. Nb3 Rc4 18. Rxc4 Qxc4 19. Qd3 Qe6 20. Qb5 Kh8 21. Nc1
b6 22. Nd3 Nb8 23. Nxd4 Rxd4 24. Qe8+ Kh7 25. Qxb8 Qc4 26. h3 Bxe2 27. Rxe2
Qxd3 28. Re3 Qd1+ 29. Kh2 Rc4 30. Be4+ Rxe4 31. Rxe4 Qc2 32. Rf4 Bg5 33. Rxf7
Bf6 34. Qb7 Bxe5 35. Qf3 Bxb2 36. Kg2 c5 37. a4 c4 38. Rc7 Bd4 39. Rd7 Ba1 40.
Qd1 Qe4+ 41. f3 Qe8 42. Qc2+ Kh8 43. Rd1 Bc3 44. Rc1 Bd4 45. Qxc4 Bc5 46. Rd1
Qe7 47. Qe4 Qf6 48. h4 Bf8 49. Kh3 Kg8 50. Rd7 Qa1 51. Qd5+ Kh8 52. Qf7 1-0

[Event "Dubai Asian Cities"]
[Site "Dubai"]
[Date "1992.??.??"]
[Round "2"]
[White "Reilly, Tim"]
[Black "Handoko, Edhi"]
[Result "1/2-1/2"]
[WhiteElo "2310"]
[BlackElo "2410"]
[PlyCount "37"]
[EventDate "1992.??.??"]
[Source "ChessBase"]

1. d4 d5 2. c4 e5 3. dxe5 d4 4. Nf3 Nc6 5. a3 Bg4 6. b4 Qd7 7. Nbd2 O-O-O 8.
Qa4 Qe8 9. Bb2 f6 10. Nxd4 Qxe5 11. Nxc6 Qxb2 12. Nxa7+ Kb8 13. Rd1 Ne7 14. g3
Bd7 15. Nb5 Bxb5 16. Qxb5 Rxd2 17. Rxd2 Qc1+ 18. Rd1 Qc3+ 19. Rd2 1/2-1/2

[Event "Zalakaros Open"]
[Site "Zalakaros"]
[Date "1991.??.??"]
[Round "2"]
[White "Monin, Nikolay"]
[Black "Czebe, Attila"]
[Result "1-0"]
[WhiteElo "2390"]
[BlackElo "2280"]
[PlyCount "110"]
[EventDate "1991.05.??"]
[Source "www.chesslib.no"]
[SourceDate "2004.05.04"]

1. d4 d5 2. c4 e5 3. dxe5 d4 4. Nf3 Nc6 5. a3 Bg4 6. Nbd2 Qd7 7. b4 Qe6 8. Bb2
O-O-O 9. Qb3 Bxf3 10. Nxf3 Nxe5 11. Nxd4 Qxc4 12. e3 Qxb3 13. Nxb3 f6 14. Be2
Bd6 15. O-O Ne7 16. Nd4 h5 17. f4 Ng4 18. e4 Ng6 19. g3 Be7 20. Rac1 Kb8 21. h3
Nh6 22. Bxh5 Nf8 23. Bf3 Nf7 24. Nf5 Ng6 25. h4 Nd6 26. Nd4 c6 27. Ne6 Rdg8 28.
Rfd1 Nf8 29. Nxf8 Rxf8 30. Kg2 Rd8 31. Kf2 Nb5 32. Rxd8+ Rxd8 33. Rd1 Nd6 34.
Ke2 Nc4 35. Rxd8+ Bxd8 36. Bc1 Kc7 37. Kd3 b5 38. Bh5 Be7 39. Bf7 Nd6 40. Be6
Nb7 41. Bb2 c5 42. e5 cxb4 43. axb4 Bxb4 44. Kc2 Nc5 45. exf6 gxf6 46. Bf5 Nd7
47. h5 Bf8 48. Bxd7 Kxd7 49. Bxf6 Ke6 50. Bd4 Kf5 51. Bxa7 Kg4 52. Bf2 Kxh5 53.
Kd3 Kg4 54. Ke4 b4 55. Kd3 Bd6 1-0

[Event "Prague Metro"]
[Site "Prague CZE"]
[Date "1990.??.??"]
[Round "9"]
[White "Gerstner, Wolfgang"]
[Black "Mozny, Milos"]
[Result "1/2-1/2"]
[WhiteElo "2340"]
[BlackElo "2375"]
[PlyCount "85"]
[EventDate "1990.??.??"]
[Source "www.chesslib.no"]
[SourceDate "2004.05.04"]

1. d4 d5 2. c4 e5 3. dxe5 d4 4. Nf3 Nc6 5. a3 a5 6. e3 Bg4 7. Be2 dxe3 8. Qxd8+
Rxd8 9. Bxe3 Bxf3 10. Bxf3 Nxe5 11. Be2 Nd3+ 12. Bxd3 Rxd3 13. Nc3 Rd7 14. O-O
Nf6 15. Bg5 Be7 16. b4 O-O 17. Rad1 Rfd8 18. bxa5 Rxd1 19. Rxd1 Rxd1+ 20. Nxd1
Bxa3 21. Bxf6 gxf6 22. Nc3 Bb4 23. Nd5 Bxa5 24. Nxf6+ Kg7 25. Ne4 Kf8 26. f4 f5
27. Ng3 Bd2 28. Nxf5 Bxf4 29. g3 Be5 30. Kf2 Kf7 31. Kf3 c6 32. Ke4 Bc7 33. c5
Kf6 34. h3 b6 35. cxb6 Bxb6 36. g4 Bf2 37. Kf4 c5 38. Nd6 Ke6 39. Ne4 Bd4 40.
h4 c4 41. g5 Be5+ 42. Kg4 c3 43. Nxc3 1/2-1/2

[Event "Vysehrad-B"]
[Site "Prague CZE"]
[Date "1990.??.??"]
[Round "11"]
[White "Praszak, Michal"]
[Black "Mozny, Milos"]
[Result "0-1"]
[WhiteElo "2275"]
[BlackElo "2375"]
[PlyCount "70"]
[EventDate "1990.??.??"]
[Source "www.chesslib.no"]
[SourceDate "2004.05.04"]

1. d4 d5 2. c4 e5 3. dxe5 d4 4. e4 Nc6 5. f4 g5 6. Nf3 gxf4 7. Bxf4 Nge7 8. e6
Bxe6 9. Ng5 Ng6 10. Nxe6 fxe6 11. Bg3 Bd6 12. Qg4 Qd7 13. Nd2 O-O-O 14. Bxd6
Qxd6 15. c5 Qxc5 16. Qxe6+ Kb8 17. Qc4 Qg5 18. O-O-O Nge5 19. Qa4 d3 20. Kb1
Ng4 21. Nf3 Qe3 22. Qb3 Nf2 23. Re1 Qxe1+ 24. Nxe1 d2 25. Be2 Nd4 26. Qe3 Nxe2
27. Nf3 d1=Q+ 28. Rxd1 Rxd1+ 29. Kc2 Rc1+ 30. Kd2 Rd8+ 31. Kxe2 Rc2+ 32. Kf1
Rd1+ 33. Ne1 Nd3 34. Qxd3 Rxd3 35. Nxd3 Rd2 0-1

[Event "Cannes Open"]
[Site "Cannes FRA"]
[Date "1988.??.??"]
[Round "?"]
[White "Miralles, Gilles"]
[Black "Pergericht, Daniel"]
[Result "1-0"]
[WhiteElo "2430"]
[BlackElo "2325"]
[PlyCount "49"]
[EventDate "1988.02.??"]
[Source "www.chesslib.no"]
[SourceDate "2004.05.04"]

1. d4 d5 2. c4 e5 3. dxe5 d4 4. Nf3 Nc6 5. Nbd2 Bg4 6. h3 Bxf3 7. Nxf3 Bb4+ 8.
Bd2 Qe7 9. g3 O-O-O 10. Bg2 Nxe5 11. O-O Nxf3+ 12. exf3 Bxd2 13. Qxd2 Qf6 14.
a4 Ne7 15. f4 h5 16. h4 Kb8 17. a5 a6 18. b4 Rd6 19. Rfb1 d3 20. b5 axb5 21.
cxb5 Nc8 22. a6 bxa6 23. bxa6+ Rb6 24. Qxd3 Ka7 25. Rc1 1-0